| 000 | 00582nam a2200181Ia 4500 | ||
|---|---|---|---|
| 008 | 090124s9999 xx 000 0 und d | ||
| 082 | _b118274 | ||
| 100 | _aकाकोडकर चंद्रकांत. | ||
| 245 | _a शूरा मी वंदिले | ||
| 250 | _a2 | ||
| 260 | _c1976 | ||
| 300 | _a160 | ||
| 600 | _aकाकोडकर चंद्रकांत. | ||
| 630 | _a शूरा मी वंदिले | ||
| 700 | _aकाकोडकर चंद्रकांत. | ||
| 730 | _a शूरा मी वंदिले | ||
| 942 | _cBOOK | ||
| 999 |
_c164361 _d164361 |
||